Welcome to CU Library Online Public Access Catalogue (OPAC)

Synonyms and Antonyms (Record no. 45)

MARC details
000 -LEADER
fixed length control field 00438nam a22001697a 4500
003 - CONTROL NUMBER IDENTIFIER
control field OSt
005 - DATE AND TIME OF LATEST TRANSACTION
control field 20241204191724.0
008 - FIXED-LENGTH DATA ELEMENTS--GENERAL INFORMATION
fixed length control field 241017b |||||||| |||| 00| 0 eng d
020 ## - INTERNATIONAL STANDARD BOOK NUMBER
International Standard Book Number 9788189093891
040 ## -
-- LOTUS PRESS
050 ## - LIBRARY OF CONGRESS CALL NUMBER
Classification number PJ6090
Item number GUP
100 ## - MAIN ENTRY--PERSONAL NAME
Personal name Gupta, Shabnam
245 ## - TITLE STATEMENT
Title Synonyms and Antonyms
Statement of responsibility, etc. Synonyms and antonyms / Shabnam Gupta
260 ## - PUBLICATION, DISTRIBUTION, ETC.
Place of publication, distribution, etc. New Delhi
Name of publisher, distributor, etc. Lotus Press
Date of publication, distribution, etc. c2005
300 ## - PHYSICAL DESCRIPTION
Extent x, 198p
942 ## - ADDED ENTRY ELEMENTS (KOHA)
Source of classification or shelving scheme Library of Congress Classification
Koha item type Books
Suppress in OPAC No
999 ## -
-- 45
-- 45
Holdings
Withdrawn status Lost status Source of classification or shelving scheme Damaged status Not for loan Collection Home library Current library Shelving location Date acquired Total checkouts Full call number Barcode Date last seen Copy number Price effective from Koha item type
    Library of Congress Classification     Non-fiction Undergraduate Library (Christ Temple) Undergraduate Library (Christ Temple) General stacks 10/17/2024   PJ6190 GUP ULCT00000024 10/17/2024 1 10/17/2024 Books
    Library of Congress Classification     Non-fiction Undergraduate Library (Christ Temple) Undergraduate Library (Christ Temple) General stacks 10/17/2024   PJ6190 GUP ULCT00000023 10/17/2024 2 10/17/2024 Books
    Library of Congress Classification     Non-fiction Undergraduate Library (Christ Temple) Undergraduate Library (Christ Temple) General stacks 10/17/2024   PJ6190 GUP ULCT00000025 10/17/2024 3 10/17/2024 Books
    Library of Congress Classification     Non-fiction Undergraduate Library (Christ Temple) Undergraduate Library (Christ Temple) General stacks 10/17/2024   PJ6190 GUP ULCT00000027 10/17/2024 4 10/17/2024 Books
© 2023-2024 Copyright: Central University Libraries. All Rights Reserved | Created by: Mahone Tech Office